00305nam a2200133Ia 4500008004100000100001400041245002100055250001200076260002900088300000800117650002400125942000700149999001500156190216s9999||||xx |||||||||||||| ||und|| aYadav M S 0aElectrochemistry a1st Ed. bAnmol Publicationsc1990 a255 aChemistry-Chemistry cBK c2808d2808